000
00297nam a22001337a 4500
008
170602b xxu||||| |||| 00| 0 eng d
020
_a
t 4941
041
_a
eng
080
_a
94(7/8)
100
_a
17
101
_a
SHH
245
_a
THE BOOK OF THE AMERICAN WEST
_c
MONAGHAN, J
942
_2
udc
_c
BK
999
_c
15553
_d
15553